Statistiques concernant Célébrités Belges

Cliquez ici pour prendre le quiz!

Statistiques générales

  • Ce quiz a été pris 110 fois
  • Le résultat moyen est 8 sur 20

Statistiques - réponses

HintRéponse% Correct
Ne me quitte pas, Amsterdam, Quand on n'a que l'amour, La Valse à mille tempsJacques Brel
86%
Cycliste surnommé Le cannibaleEddy Merckx
77%
Elle a mis Roland-Garros 4 fois à son palmarèsJustine Henin
68%
Grâce à lui, on sait que l'eau dans 20-30 ans y'en aura plus et que 1+1 = 11Jean-Claude Van Damme
67%
Chanteur qui aimerait te faire "ta fête"Stromae
63%
Goal pour la Belgique! Buteur?Romelu Lukaku
60%
Il adore l'embrouilleFrançois Damiens
55%
Il adore les petits hommes bleusPeyo
51%
Réalisateur (et acteur) du film C'est arrivé près de chez vousBenoît Poelvoorde
43%
Roi, mort après avoir fait de l'escaladeAlbert Ier
42%
Ceci n'est pas un indiceRené Magritte
38%
Saint célèbre pour son travail de missionnaire auprès des lépreuxPère Damien
37%
Cycliste, connu pour sa giclettePhilippe Gilbert
19%
Vroum Vroum, sa Formule 1 est rapideJacky Ickx
18%
Il l'avait dit BordelPhilippe Albert
17%
Avait un magnifique château et est parti dans les premières croisadesGodefroy de Bouillon
13%
Footballeur, passé par Anderlecht, Auxerre ou encore MonacoEnzo Scifo
12%
Le taureau de LescheretArnaud De Lie
10%
Les Belges sont les plus braves de tous ces peuples, et il en était le chefAmbiorix
5%
Basketteur, champion NBA avec Kobe BryantDidier Mbenga
4%

Distribution des résultats

Percentile par nombre de réponses

% des personnes avec chaque résultat

Votre développement - résultats

Vous n’avez pas pris ce quiz